[Event "44th Olympiad Women 2022"]
[Site "Chennai IND"]
[Date "2022.07.29"]
[Round "1.1"]
[White "Antonova, Nadezhda"]
[Black "Koneru, Humpy"]
[Result "0-1"]
[WhiteElo "1832"]
[BlackElo "2586"]
[EventDate "2022.07.29"]
[Board "1"]
[WhiteFideId "14700182"]
[BlackFideId "5008123"]

1. e4 e5 2. Nf3 Nc6 3. Bc4 Bc5 4. c3 Nf6 5. d3 O-O 6. O-O d5 7. exd5 Nxd5
8. Re1 Bg4 9. Nbd2 Nb6 10. Ne4 Bd6 11. Bb3 Kh8 12. Ng3 Qf6 13. Re3 Qg6 14.
Nh4 Qg5 15. Nf3 Qd8 16. h3 Be6 17. Bc2 f5 18. Re1 h6 19. b4 Qf6 20. b5 e4
21. Nh5 Qf7 22. bxc6 exf3 23. cxb7 Rae8 24. c4 Qxh5 25. Qxf3 Bd5 26. Qd1
Rxe1+ 27. Qxe1 Bxb7 28. Bd2 Qg6 29. Qf1 f4 30. f3 Bc5+ 31. Kh1 Nxc4 32.
dxc4 Qxc2 33. Ba5 Bd4 34. Rc1 Qxa2 35. Bxc7 Qf2 36. Qxf2 Bxf2 37. Bd6 Rf7
38. c5 Bc6 39. Ra1 Rb7 40. Rf1 Be3 41. h4 a5 0-1

[Event "44th Olympiad Women 2022"]
[Site "Chennai IND"]
[Date "2022.07.29"]
[Round "1.1"]
[White "Vaishali, R"]
[Black "Abrorova, Sabrina"]
[Result "1-0"]
[WhiteElo "2442"]
[BlackElo "1799"]
[EventDate "2022.07.29"]
[Board "2"]
[WhiteFideId "5091756"]
[BlackFideId "14701553"]

1. e4 c5 2. Nf3 d6 3. d4 cxd4 4. Nxd4 Nf6 5. Nc3 a6 6. Nb3 e6 7. g4 Be7 8.
g5 Nfd7 9. h4 b6 10. Bg2 Bb7 11. Be3 Nc6 12. Qe2 Rc8 13. f4 Nc5 14. O-O-O
Qc7 15. h5 b5 16. g6 Nxb3+ 17. axb3 h6 18. gxf7+ Kf8 19. Bh3 Nd8 20. Bd4
Bf6 21. Bxf6 gxf6 22. Rhg1 b4 23. Na4 Ke7 24. Rd2 Rf8 25. e5 dxe5 26. fxe5
f5 27. Rgd1 Bd5 28. Bxf5 Nxf7 29. Rxd5 exd5 30. Bxc8 Rxc8 31. Rxd5 Qb7 32.
Qd3 Rd8 33. Rxd8 Nxd8 34. Qd6+ Ke8 35. Kb1 Qh1+ 36. Ka2 Qxh5 37. Nb6 Qf7
38. Nd5 Ne6 39. Nf6+ 1-0

[Event "44th Olympiad Women 2022"]
[Site "Chennai IND"]
[Date "2022.07.29"]
[Round "1.1"]
[White "Kulkarni, Bhakti"]
[Black "Hotami, Mutriba"]
[Result "1-0"]
[WhiteElo "2373"]
[BlackElo "1846"]
[EventDate "2022.07.29"]
[Board "4"]
[WhiteFideId "5019516"]
[BlackFideId "14700204"]

1. d4 Nf6 2. Nf3 g6 3. Bg5 Bg7 4. Nbd2 d5 5. e3 c6 6. c4 O-O 7. Bd3 Nbd7 8.
O-O Re8 9. Re1 e5 10. cxd5 cxd5 11. dxe5 Nxe5 12. Nxe5 Rxe5 13. Nf3 Bg4 14.
Bf4 Re7 15. Be2 Qb6 16. Nd4 Bxe2 17. Rxe2 Nh5 18. Bg5 Rd7 19. Rc1 h6 20.
Bh4 Re8 21. Qa4 Qd6 22. Qxa7 b6 23. Qa6 Rc7 24. Rxc7 Qxc7 25. Rc2 Qd6 26.
Rc8 Rxc8 27. Qxc8+ Kh7 28. Qc3 g5 29. Bg3 Nxg3 30. hxg3 Qg6 31. Qb3 Qh5 32.
a4 Bxd4 33. Qd3+ Qg6 34. Qxd4 Qc6 35. Kh2 Kg6 36. g4 Qc7+ 37. Kh3 Qc6 38.
Qh8 Qxa4 39. Qg8+ Kf6 40. Qd8+ Kg7 41. Qxb6 Qc2 42. Kg3 Qb1 43. b4 Qh1 44.
Qd4+ f6 45. Qxd5 Qh4+ 46. Kf3 h5 47. Qd7+ Kh6 48. Qe6 Kg7 49. Qe7+ Kg8 50.
Qe8+ 1-0

[Event "44th Olympiad Women 2022"]
[Site "Chennai IND"]
[Date "2022.07.29"]
[Round "1.2"]
[White "Muzychuk, Anna"]
[Black "February, Jesse Nikki"]
[Result "1-0"]
[WhiteElo "2529"]
[BlackElo "1872"]
[EventDate "2022.07.29"]
[Board "1"]
[WhiteFideId "14111330"]
[BlackFideId "14312336"]

1. e4 e6 2. d4 d5 3. Nc3 dxe4 4. Nxe4 Nd7 5. Nf3 Ngf6 6. Nxf6+ Nxf6 7. Be3
Nd5 8. Bd2 c5 9. Bb5+ Bd7 10. Bxd7+ Qxd7 11. c4 Nb6 12. Rc1 Rc8 13. dxc5
Bxc5 14. b4 Be7 15. c5 Nd5 16. Ne5 Qc7 17. Qa4+ Kf8 18. Nd3 f6 19. Qxa7 Kf7
20. Qa3 Rhd8 21. O-O e5 22. Qb3 Kf8 23. Rfd1 e4 24. Nb2 Nf4 25. Bxf4 Qxf4
26. g3 Qg5 27. Nc4 g6 28. Nb6 Rxd1+ 29. Rxd1 Rd8 30. Nd7+ Kg7 31. Qe6 f5
32. h4 Qf6 33. Nxf6 Rxd1+ 34. Kg2 Bxf6 35. Qc8 Rd2 36. Qxb7+ Kh6 37. Qb8
Rxa2 38. Qf8+ Bg7 39. Qd8 Bc3 40. c6 Be1 41. Qg5+ Kg7 42. Qe3 Bd2 43. Qd4+
1-0

[Event "44th Olympiad Women 2022"]
[Site "Chennai IND"]
[Date "2022.07.29"]
[Round "1.2"]
[White "Badenhorst, Chloe"]
[Black "Ushenina, Anna"]
[Result "0-1"]
[WhiteElo "1703"]
[BlackElo "2423"]
[EventDate "2022.07.29"]
[Board "2"]
[WhiteFideId "14339463"]
[BlackFideId "14110911"]

1. e4 c6 2. d4 d5 3. e5 Bf5 4. Nf3 e6 5. Be2 Nd7 6. O-O Bg6 7. Nbd2 Nh6 8.
Nb3 Rc8 9. a4 Nf5 10. Bd2 Be7 11. g4 Nh6 12. h3 O-O 13. Ne1 c5 14. Bb5 cxd4
15. Bxd7 Qxd7 16. Nxd4 f6 17. Nef3 Nf7 18. exf6 Bxf6 19. c3 e5 20. Ne2 h5
21. Nh2 Ng5 22. Bxg5 Bxg5 23. Ng3 h4 24. Ne2 Rce8 25. Qb3 Bd3 26. Qd1 Be4
27. f3 Bg6 28. Nc1 Rf7 29. Nd3 Be3+ 30. Kg2 e4 31. Nb4 d4 32. Nc2 Qc7 33.
Nxe3 Qg3+ 34. Kh1 dxe3 35. Qe1 Qxh3 36. Qxe3 Rxf3 37. Rxf3 exf3 38. Qg1 Re2
0-1

[Event "44th Olympiad Women 2022"]
[Site "Chennai IND"]
[Date "2022.07.29"]
[Round "1.2"]
[White "Bouah, Denise"]
[Black "Osmak, Yuliia"]
[Result "0-1"]
[WhiteElo "1736"]
[BlackElo "2420"]
[EventDate "2022.07.29"]
[Board "4"]
[WhiteFideId "14300818"]
[BlackFideId "14101602"]

1. e4 c5 2. Nc3 Nc6 3. Bb5 e6 4. Bxc6 bxc6 5. Nf3 d6 6. O-O e5 7. h3 g5 8.
d3 g4 9. hxg4 Bxg4 10. Qe2 h5 11. Nd1 Qf6 12. Ne3 Ne7 13. c3 Rg8 14. Kh1
Ng6 15. Nf5 Nh4 16. d4 Bxf3 17. gxf3 Nxf5 0-1

[Event "44th Olympiad Women 2022"]
[Site "Chennai IND"]
[Date "2022.07.29"]
[Round "1.3"]
[White "Sara Masood Abdullah"]
[Black "Batsiashvili, Nino"]
[Result "0-1"]
[WhiteElo "1677"]
[BlackElo "2466"]
[EventDate "2022.07.29"]
[Board "1"]
[WhiteFideId "4809610"]
[BlackFideId "13602993"]

1. e4 c6 2. d4 d5 3. exd5 cxd5 4. Bd3 Nf6 5. c3 Bg4 6. Qb3 Qc7 7. Bg5 e6 8.
Nd2 Nc6 9. Ngf3 Bd6 10. O-O O-O 11. Rae1 Bh5 12. Qc2 Bg6 13. g3 Nb4 14.
cxb4 Qxc2 15. Bxc2 Bxc2 16. Rc1 Bd3 17. Rfe1 Bxb4 18. Re3 Ba6 19. Bxf6 gxf6
20. a3 Bd6 21. Nb3 Rac8 22. Rec3 b6 23. Rc6 Rfd8 24. Nbd2 Kf8 25. b4 Rxc6
26. Rxc6 Ke7 27. Kg2 Kd7 28. Rc3 Rc8 29. Nb1 Rxc3 30. Nxc3 Bc4 31. Nd2 a5
32. bxa5 bxa5 33. Ndb1 e5 34. dxe5 fxe5 35. f3 f5 36. a4 d4 37. Nb5 Bxb5
38. axb5 Bb4 39. Kf2 a4 40. Ke2 a3 41. Nxa3 Bxa3 42. Kd3 Kc7 0-1

[Event "44th Olympiad Women 2022"]
[Site "Chennai IND"]
[Date "2022.07.29"]
[Round "1.3"]
[White "Tiba, Mahdi Attiyah"]
[Black "Melia, Salome"]
[Result "0-1"]
[WhiteElo "1759"]
[BlackElo "2384"]
[EventDate "2022.07.29"]
[Board "3"]
[WhiteFideId "4809521"]
[BlackFideId "13602446"]

1. e4 c5 2. c3 d5 3. exd5 Qxd5 4. d4 Nc6 5. Nf3 Bf5 6. Be2 cxd4 7. cxd4 e6
8. O-O Nf6 9. Nc3 Qa5 10. Be3 Bb4 11. Qb3 O-O 12. h3 h6 13. Rac1 Rfd8 14.
Rfd1 Rac8 15. a3 Bxc3 16. Rxc3 Be4 17. Rdc1 Bd5 18. Qd1 Ne4 19. Rd3 Qb6 20.
b4 a5 21. bxa5 Nxa5 22. Rb1 Qd6 23. Bd2 Nxd2 24. Qxd2 Nc4 25. Qb4 Be4 26.
Qb3 Nxa3 27. Ra1 Nc2 28. Rad1 Bxd3 29. Rxd3 Qb4 30. Qxb4 Nxb4 31. Rb3 Nc6
32. Rxb7 Nxd4 33. Nxd4 Rxd4 34. Bh5 g6 35. Bf3 Rd2 36. Rb1 Rcc2 37. Rf1 f5
38. h4 h5 39. g3 e5 40. Bb7 e4 41. Ba6 e3 42. Bb5 e2 0-1

[Event "44th Olympiad Women 2022"]
[Site "Chennai IND"]
[Date "2022.07.29"]
[Round "1.3"]
[White "Arabidze, Meri"]
[Black "Al-Fayyadh, Yamama Asif Abdula"]
[Result "1-0"]
[WhiteElo "2426"]
[BlackElo "1666"]
[EventDate "2022.07.29"]
[Board "4"]
[WhiteFideId "13604040"]
[BlackFideId "4806700"]

1. d4 d5 2. c4 e6 3. Nc3 Nf6 4. cxd5 exd5 5. Bg5 Be7 6. e3 O-O 7. Bd3 h6 8.
Bf4 c6 9. h3 Re8 10. Qc2 Nbd7 11. Nf3 Nf8 12. O-O-O b5 13. Kb1 Bb7 14. g4
Ne6 15. Be5 a5 16. Rhg1 Nd7 17. Bh7+ Kh8 18. Bf5 Ng5 19. Nxg5 Bxg5 20. f4
Nxe5 21. dxe5 Be7 22. g5 hxg5 23. h4 Qb6 24. hxg5 Qxe3 25. Qh2+ Kg8 26.
Qh7+ 1-0

[Event "44th Olympiad Women 2022"]
[Site "Chennai IND"]
[Date "2022.07.29"]
[Round "1.4"]
[White "Malicka, Maria"]
[Black "Mahmoud, Roula"]
[Result "1-0"]
[WhiteElo "2393"]
[BlackElo "1765"]
[EventDate "2022.07.29"]
[Board "3"]
[WhiteFideId "1197576"]
[BlackFideId "7601263"]

1. e4 c5 2. Nf3 e6 3. d4 cxd4 4. Nxd4 Nf6 5. Nc3 d6 6. g4 h6 7. Rg1 Be7 8.
h4 Nh7 9. Nf3 Nc6 10. g5 hxg5 11. hxg5 Nf8 12. Be3 Bd7 13. Qe2 Rc8 14.
O-O-O Qa5 15. a3 a6 16. Nd2 b5 17. f4 b4 18. Nc4 Qc7 19. axb4 Nxb4 20. Bd4
Ng6 21. Qd2 d5 22. exd5 exd5 23. Nb6 Nxf4 24. Nxc8 Bxc8 25. Qe3 Rh2 26. Rd2
Rxd2 27. Kxd2 Ne6 28. g6 Qh2+ 29. Be2 Nc6 30. gxf7+ Kxf7 31. Qf2+ Qxf2 32.
Bxf2 Bg5+ 33. Kd1 Nb4 34. Bf3 Bf6 35. Nxd5 Nxd5 36. Bxd5 Bxb2 37. c4 Be5
38. Bg3 Bf6 39. Kc2 Bd7 40. Re1 Ba4+ 41. Kd3 Bd7 42. c5 Bb5+ 43. Kc2 Bd7
44. c6 Bxc6 45. Bxe6+ Kg6 46. Be5 Bb5 47. Rg1+ Kh6 48. Bxf6 gxf6 49. Bf5
Kh5 50. Bd3 Ba4+ 51. Kd2 a5 52. Ra1 Bd7 53. Rxa5+ Kg4 54. Ke3 f5 55. Rd5
Bc8 56. Rd4+ Kg5 57. Rf4 Bd7 58. Rf2 Bc8 59. Rg2+ Kf6 60. Kf4 Bd7 61. Rg5
Bc8 62. Bxf5 Bb7 63. Rg6+ Kf7 64. Ke5 Bf3 65. Ra6 Be2 66. Ra7+ Kf8 67. Kf6
Bf3 68. Rc7 Bh5 69. Rc8+ Be8 70. Rb8 1-0

[Event "44th Olympiad Women 2022"]
[Site "Chennai IND"]
[Date "2022.07.29"]
[Round "1.5"]
[White "Berezovska, Svetlana"]
[Black "Savina, Anastasia"]
[Result "0-1"]
[WhiteElo "1781"]
[BlackElo "2377"]
[EventDate "2022.07.29"]
[Board "3"]
[WhiteFideId "5400740"]
[BlackFideId "4196872"]

1. e4 c5 2. Nf3 Nc6 3. d4 cxd4 4. Nxd4 e5 5. Nb5 d6 6. c4 Be7 7. Bd3 a6 8.
N5c3 Bg5 9. Nd2 Nf6 10. Nd5 Nxd5 11. cxd5 Nd4 12. O-O O-O 13. Nb3 Bxc1 14.
Rxc1 Nxb3 15. Qxb3 b5 16. Rc6 Bd7 17. Rc3 Qa5 18. a3 Rfc8 19. Rfc1 g6 20.
Rxc8+ Rxc8 21. Rxc8+ Bxc8 22. Qc3 Qxc3 23. bxc3 Kf8 24. Kf1 Ke7 25. Ke2 Kd8
26. Ke3 Kc7 27. f4 Kb6 28. h3 f5 29. fxe5 dxe5 30. exf5 Bxf5 31. Bxf5 gxf5
32. g4 fxg4 33. hxg4 Kc5 34. Ke4 Kd6 35. g5 a5 36. Kf5 Kxd5 37. Kf6 e4 38.
Kg7 e3 39. Kxh7 e2 40. g6 e1=Q 41. g7 Qh4+ 42. Kg6 Qg4+ 43. Kf7 Kc4 0-1

[Event "44th Olympiad Women 2022"]
[Site "Chennai IND"]
[Date "2022.07.29"]
[Round "1.5"]
[White "Navrotescu, Andreea"]
[Black "Lebel-Arias, Julia"]
[Result "1-0"]
[WhiteElo "2373"]
[BlackElo "1660"]
[EventDate "2022.07.29"]
[Board "4"]
[WhiteFideId "675946"]
[BlackFideId "602019"]

1. c4 g6 2. d4 Bg7 3. e4 c5 4. d5 d6 5. Nc3 Nh6 6. f3 Nd7 7. Be3 f6 8. h4
Nf7 9. Qd2 a6 10. h5 g5 11. Nge2 Nde5 12. Ng3 Bh6 13. Be2 Bd7 14. Nf5 Bxf5
15. exf5 Qd7 16. Qc2 b6 17. g3 Qc8 18. f4 Nd7 19. Nd1 Rb8 20. a4 O-O 21.
Nf2 gxf4 22. gxf4 Kh8 23. Qe4 Qe8 24. Bd2 Rg8 25. Ng4 Nf8 26. Bc3 Qd8 27.
Rg1 Rb7 28. O-O-O Nd7 29. Kb1 Nf8 30. Rg2 Nd7 31. Rdg1 Bg7 32. h6 Bxh6 33.
Qe6 Rxg4 34. Rxg4 Qf8 35. Rg8+ Qxg8 36. Rxg8+ Kxg8 37. Bh5 1-0

[Event "44th Olympiad Women 2022"]
[Site "Chennai IND"]
[Date "2022.07.29"]
[Round "1.6"]
[White "Balajayeva, Khanim"]
[Black "Al Mansouri, Moza"]
[Result "1-0"]
[WhiteElo "2344"]
[BlackElo "1606"]
[EventDate "2022.07.29"]
[Board "1"]
[WhiteFideId "13406396"]
[BlackFideId "9304495"]

1. e4 c5 2. c3 Nf6 3. e5 Nd5 4. d4 cxd4 5. Qxd4 e6 6. Nf3 Nc6 7. Qe4 f5 8.
Qe2 Qc7 9. g3 Nde7 10. Na3 Ng6 11. Nb5 Qb8 12. Bf4 Nxf4 13. gxf4 a6 14.
Nbd4 Nxd4 15. Nxd4 b5 16. Rg1 g6 17. h4 b4 18. c4 Qb6 19. O-O-O Bc5 20. Qd2
Bxd4 21. Qxd4 Qxd4 22. Rxd4 Bb7 23. Bg2 Bxg2 24. Rxg2 Ke7 25. Kc2 a5 26.
Kb3 Rhb8 27. Ka4 Rb7 28. Rg3 Rc8 29. b3 Rc5 30. Rd6 Ra7 31. h5 Kf7 32. h6
Ke7 33. Rgd3 Rc8 34. Rb6 Rca8 35. Rb5 Kd8 36. Rd6 Ke7 37. Rdb6 Kd8 38. Rb8+
Kc7 39. R5b7+ Kc6 40. Rxa7 Rxa7 41. Rc8+ Kb6 42. Rg8 Kc6 43. Rg7 Ra8 44.
Rxh7 d6 45. Re7 Rh8 46. h7 dxe5 47. fxe5 g5 48. Rxe6+ Kd7 49. Rh6 g4 50.
Kxa5 f4 51. Kxb4 g3 52. fxg3 fxg3 53. Rg6 1-0

[Event "44th Olympiad Women 2022"]
[Site "Chennai IND"]
[Date "2022.07.29"]
[Round "1.6"]
[White "Al Maamari, Wafia Darwish"]
[Black "Beydullayeva, Govhar"]
[Result "0-1"]
[WhiteElo "1841"]
[BlackElo "2390"]
[EventDate "2022.07.29"]
[Board "2"]
[WhiteFideId "9305734"]
[BlackFideId "13413015"]

1. e4 c5 2. Nf3 d6 3. d4 cxd4 4. Nxd4 Nf6 5. Nc3 Nc6 6. f4 g6 7. Nxc6 bxc6
8. e5 dxe5 9. Qxd8+ Kxd8 10. fxe5 Ng4 11. Bf4 Be6 12. h3 g5 13. Bxg5 Nxe5
14. O-O-O+ Ke8 15. Ba6 Bg7 16. Rhe1 Rd8 17. Bf4 Rxd1+ 18. Rxd1 h5 19. Kb1
Nd7 20. Na4 Bd5 21. Bc8 Nb6 22. Nxb6 axb6 23. Bc7 b5 24. c4 bxc4 25. a4 e6
26. a5 Ke7 27. Bb7 Kd7 28. Bb6 Be5 29. a6 Bb8 30. Kc2 Rg8 31. g4 hxg4 32.
hxg4 Rxg4 33. a7 Bxa7 34. Bxa7 c3 35. bxc3 Kc7 36. Bxc6 Kxc6 37. Bd4 Re4
38. Rf1 f5 39. Kd3 Rh4 40. Re1 Be4+ 41. Ke3 Kd5 42. Bf6 Rh3+ 43. Kd2 Rh2+
44. Re2 Rh6 45. Bd4 e5 46. Be3 Ra6 47. Ke1 Bd3 48. Rb2 f4 49. Bd2 Ra1+ 50.
Kf2 Rf1+ 51. Kg2 e4 52. Rb8 f3+ 53. Kg3 Rg1+ 0-1

[Event "44th Olympiad Women 2022"]
[Site "Chennai IND"]
[Date "2022.07.29"]
[Round "1.6"]
[White "Mammadova, Gulnar"]
[Black "Almaini, Aishah Sarhan"]
[Result "1-0"]
[WhiteElo "2380"]
[BlackElo "1615"]
[EventDate "2022.07.29"]
[Board "3"]
[WhiteFideId "13403508"]
[BlackFideId "9307214"]

1. e4 e5 2. Nf3 Nf6 3. Nxe5 d6 4. Nf3 Nxe4 5. Nc3 Nf6 6. d4 Be7 7. Bd3 Bg4
8. h3 Bd7 9. O-O O-O 10. Ne2 c5 11. d5 b5 12. b3 Nxd5 13. Be4 Nc7 14. Bxa8
Nxa8 15. Bf4 Qb6 16. Qd3 Rd8 17. Nc3 Nc7 18. Rae1 Ne6 19. Nd5 Nxf4 20.
Nxe7+ Kh8 21. Ng5 1-0

[Event "44th Olympiad Women 2022"]
[Site "Chennai IND"]
[Date "2022.07.29"]
[Round "1.7"]
[White "Morales Santos, Natasha"]
[Black "Tokhirjonova, Gulrukhbegim"]
[Result "0-1"]
[WhiteElo "1924"]
[BlackElo "2329"]
[EventDate "2022.07.29"]
[Board "1"]
[WhiteFideId "3101703"]
[BlackFideId "14203626"]

1. d4 e6 2. c4 b6 3. Nc3 Bb7 4. e4 Bb4 5. Qc2 Bxc3+ 6. bxc3 d6 7. Bd3 Ne7
8. Ne2 Nd7 9. O-O O-O 10. f4 f5 11. Ng3 g6 12. d5 fxe4 13. Bxe4 Nc5 14. Be3
Nxe4 15. Qxe4 exd5 16. Qe6+ Rf7 17. Qg4 Qc8 18. Qg5 dxc4 19. Rae1 Nf5 20.
Nxf5 Qxf5 21. Qxf5 gxf5 22. Bf2 Be4 23. Re3 Rg7 24. Bg3 d5 25. Rf2 c5 26.
Rd2 Rd8 27. Bh4 Rd6 28. h3 d4 29. g4 Rgd7 30. Rg3 Kf7 31. gxf5 Bxf5 32. Rg5
Rg6 33. Kh2 Rxg5 34. Bxg5 dxc3 0-1

[Event "44th Olympiad Women 2022"]
[Site "Chennai IND"]
[Date "2022.07.29"]
[Round "1.7"]
[White "Krush, Irina"]
[Black "Vega Jimenez, Keyshla M."]
[Result "1-0"]
[WhiteElo "2430"]
[BlackElo "1653"]
[EventDate "2022.07.29"]
[Board "2"]
[WhiteFideId "2012782"]
[BlackFideId "3101851"]

1. e4 e5 2. Nf3 Nc6 3. Bb5 a6 4. Ba4 Nf6 5. O-O d6 6. c3 b5 7. Bc2 Be7 8.
Re1 O-O 9. h3 Re8 10. d4 exd4 11. cxd4 Bd7 12. Nc3 h6 13. Bf4 Nb4 14. Bb3
c5 15. a3 Nc6 16. d5 Na5 17. Bc2 Bf8 18. e5 dxe5 19. Nxe5 Rc8 20. Qd3 c4
21. Qg3 Nh5 22. Qf3 Nf6 23. Rad1 Qb6 24. Nxd7 Nxd7 25. Bf5 Rxe1+ 26. Rxe1
Rd8 27. Qg3 1-0

[Event "44th Olympiad Women 2022"]
[Site "Chennai IND"]
[Date "2022.07.29"]
[Round "1.7"]
[White "Comas Colon, Rinelly M."]
[Black "Zatonskih, Anna"]
[Result "0-1"]
[WhiteElo "1585"]
[BlackElo "2383"]
[EventDate "2022.07.29"]
[Board "3"]
[WhiteFideId "3101576"]
[BlackFideId "14101572"]

1. c4 e5 2. Nc3 Nf6 3. e4 Bc5 4. g3 Nc6 5. Bg2 O-O 6. h3 d6 7. d3 Nd4 8.
Nge2 c6 9. a3 Nxe2 10. Qxe2 Re8 11. Be3 Be6 12. O-O Bd4 13. Qd2 Bxe3 14.
Qxe3 Qd7 15. Kh2 d5 16. cxd5 cxd5 17. Nxd5 Nxd5 18. exd5 Bxd5 19. Bxd5 Qxd5
20. Qe4 Rad8 21. Rad1 g6 22. Rfe1 Qb3 23. Qe2 Re6 24. Rd2 Rd4 25. Rc1 Qd5
26. Rc4 Rd6 27. Rxd4 Qxd4 28. f3 Kg7 29. Kg2 Rd5 30. Qe4 Qc5 31. b4 Qd6 32.
Kf2 b6 33. h4 Rd4 34. Qe3 h5 35. Ke2 Rd5 36. Rc2 a5 37. Rc4 axb4 38. axb4
Qe6 39. f4 Qg4+ 40. Kd2 exf4 41. Rxf4 Qd7 42. Re4 Qa7 43. Rc4 Qa2+ 44. Rc2
Qb3 45. Qe4 Rd8 46. Qe5+ Kg8 47. Qe4 b5 48. Rc3 Qb2+ 49. Rc2 Qf6 50. Qe3
Rd6 51. Rc8+ Kg7 52. Rc2 Rd4 53. Rc6 Rxd3+ 54. Kxd3 Qxc6 55. Qd4+ Kg8 56.
Qd8+ Kh7 57. Qe7 Qc4+ 58. Ke3 Kg7 59. Qd6 Qc3+ 60. Kf4 Qf6+ 0-1

[Event "44th Olympiad Women 2022"]
[Site "Chennai IND"]
[Date "2022.07.29"]
[Round "1.8"]
[White "Paehtz, Elisabeth"]
[Black "Mwango, Lorita"]
[Result "1-0"]
[WhiteElo "2484"]
[BlackElo "1920"]
[EventDate "2022.07.29"]
[Board "1"]
[WhiteFideId "4641833"]
[BlackFideId "8700478"]

1. Nf3 c6 2. c4 d5 3. e3 Nf6 4. b3 g6 5. Bb2 Bg7 6. Be2 Bg4 7. O-O O-O 8.
h3 Bxf3 9. Bxf3 e6 10. Qc2 Nbd7 11. Nc3 Rc8 12. d4 Nb6 13. Qe2 Re8 14. Rfd1
Qe7 15. a4 Nbd7 16. a5 Qd6 17. g3 h6 18. Bg2 Qc7 19. Rdc1 Qb8 20. Qf3 Nh7
21. Rd1 Ng5 22. Qe2 Nf6 23. h4 Ngh7 24. Rd2 h5 25. Bf3 Bf8 26. Rdd1 Qc7 27.
Rdc1 Qd8 28. Kg2 a6 29. Ra4 Bd6 30. Rd1 Bc7 31. Rda1 Nf8 32. Qd2 N8d7 33.
R4a2 Bd6 34. Na4 Ne4 35. Bxe4 dxe4 36. Rd1 Bc7 37. b4 Qf6 38. Qe2 Qf5 39.
Bc3 Nf6 40. Nc5 Rb8 41. d5 Bd6 42. Bxf6 Bxc5 43. Ba1 Bxb4 44. Rb1 Be7 45.
Qb2 f6 46. dxc6 Qc5 47. cxb7 Qxc4 48. Qb3 Qc6 49. Rc2 Qd7 50. Bd4 Kf7 51.
Ba7 Bd6 52. Bxb8 Bxb8 53. Rc8 Qd5 54. Qxd5 exd5 55. Rbc1 Bd6 56. Rxe8 Kxe8
57. b8=Q+ Bxb8 58. Rc8+ 1-0

[Event "44th Olympiad Women 2022"]
[Site "Chennai IND"]
[Date "2022.07.29"]
[Round "1.8"]
[White "Bwalya Mulwale, Lubuuto"]
[Black "Klek, Hanna Marie"]
[Result "0-1"]
[WhiteElo "1751"]
[BlackElo "2366"]
[EventDate "2022.07.29"]
[Board "2"]
[WhiteFideId "8706964"]
[BlackFideId "24670057"]

1. d4 Nf6 2. c4 g6 3. Nc3 Bg7 4. Nf3 O-O 5. e3 c5 6. Be2 cxd4 7. exd4 d5 8.
Be3 Nc6 9. h3 dxc4 10. Bxc4 Na5 11. Bd3 Be6 12. Qe2 Rc8 13. O-O Nc4 14.
Rad1 Nd5 15. Na4 Ncxe3 16. fxe3 Bh6 17. Nc5 Rxc5 18. dxc5 Nxe3 19. Bxg6
Nxd1 20. Rxd1 Qc7 21. Bb1 Qxc5+ 22. Kh1 Qc4 23. Qe1 Qf4 24. Qf2 b6 25. Qc2
f5 26. Nd4 Bc8 27. Qb3+ Kh8 28. Ne6 Bxe6 29. Qxe6 Bg7 30. Qxe7 Rg8 31. Re1
Bxb2 32. Qe3 Qxe3 33. Rxe3 Rf8 34. Rf3 f4 35. Rd3 Rf7 36. Kg1 Be5 37. Bc2
Rc7 38. Bb3 Kg7 39. Kf2 Kf6 40. Ke2 Rg7 41. Bd5 Bd6 42. Be4 Bc5 43. Rd5 Rg3
44. Bf3 Ke6 45. Rh5 Rg7 46. Rd5 Rc7 47. Rd2 Be3 48. Rb2 Rc3 49. Be4 h6 50.
Rb5 Bc5 51. Rb3 Rc1 52. Kf3 Rf1+ 53. Kg4 Ke5 54. Bf3 Rf2 55. Kh5 Rxa2 56.
Kxh6 a5 57. h4 a4 58. Rb1 a3 59. Re1+ Be3 60. Kg6 Rc2 61. h5 Rc1 62. Re2 b5
63. h6 b4 64. h7 Rc8 65. Ra2 Bd4 66. Bd1 Ke4 67. Bb3 Kd3 68. Kf5 Rf8+ 69.
Kg4 Kc3 70. Bd5 Rd8 71. Be4 Kb3 72. Rd2 a2 73. Rxd4 Rxd4 74. h8=Q a1=Q 75.
Qe5 Qd1+ 76. Kxf4 Qd2+ 77. Kf5 Kb2 78. g4 b3 79. g5 Qf2+ 80. Ke6 Qe3 81.
Kf5 Qxe4+ 82. Qxe4 Rxe4 83. Kxe4 Kc3 0-1

[Event "44th Olympiad Women 2022"]
[Site "Chennai IND"]
[Date "2022.07.29"]
[Round "1.9"]
[White "Sargsyan, Anna M."]
[Black "Marape, Naledi"]
[Result "1-0"]
[WhiteElo "2378"]
[BlackElo "1714"]
[EventDate "2022.07.29"]
[Board "2"]
[WhiteFideId "13308130"]
[BlackFideId "11310880"]

1. d4 Nf6 2. Bf4 g6 3. Nc3 Bg7 4. Qd2 O-O 5. Bh6 d6 6. h4 Bxh6 7. Qxh6 Ng4
8. Qd2 Kg7 9. h5 Rh8 10. e4 Nd7 11. h6+ Kf8 12. f3 Ngf6 13. e5 Ne8 14. e6
Ndf6 15. exf7 Kxf7 16. O-O-O d5 17. g4 Rf8 18. Nh3 c6 19. Nf4 Qd6 20. Re1
Nc7 21. Bd3 Ne6 22. Nce2 c5 23. Nxe6 Bxe6 24. dxc5 Qxc5 25. Nf4 Bd7 26. g5
Ne8 27. Nxg6 hxg6 28. Qf4+ 1-0

[Event "44th Olympiad Women 2022"]
[Site "Chennai IND"]
[Date "2022.07.29"]
[Round "1.9"]
[White "Banda Natalie Katlo"]
[Black "Mkrtchyan, Mariam"]
[Result "0-1"]
[WhiteElo "1688"]
[BlackElo "2285"]
[EventDate "2022.07.29"]
[Board "3"]
[WhiteFideId "11315075"]
[BlackFideId "13310828"]

1. d4 d5 2. Nf3 Nf6 3. e3 e6 4. Bd3 c5 5. c3 b6 6. Nbd2 Bb7 7. Ne5 Nbd7 8.
Ndf3 Bd6 9. Bb5 a6 10. Bxd7+ Nxd7 11. Nxd7 Qxd7 12. b3 a5 13. Ba3 Ba6 14.
dxc5 bxc5 15. Rc1 c4 16. Bxd6 Qxd6 17. b4 axb4 18. Qa4+ Ke7 19. Qxb4 Qxb4
20. cxb4 Bb7 21. Rc2 Ra4 22. b5 Rha8 23. Kd2 Rxa2 24. Rc1 Kd6 25. Nd4 Kc5
26. f4 Bc8 27. Rb1 Kb6 28. Rbb2 Rxb2 29. Rxb2 Ra3 30. g3 c3+ 0-1

[Event "44th Olympiad Women 2022"]
[Site "Chennai IND"]
[Date "2022.07.29"]
[Round "1.10"]
[White "Abdumalik, Zhansaya"]
[Black "Mazariegos, Silvia Carolina"]
[Result "1-0"]
[WhiteElo "2495"]
[BlackElo "1851"]
[EventDate "2022.07.29"]
[Board "1"]
[WhiteFideId "13703544"]
[BlackFideId "7300115"]

1. e4 Nf6 2. e5 Nd5 3. d4 Nb6 4. f4 d6 5. c4 dxe5 6. fxe5 Nc6 7. Be3 Bf5 8.
Nc3 Qd7 9. Nf3 Bg4 10. Be2 Rd8 11. O-O Bxf3 12. Bxf3 e6 13. b3 Be7 14. c5
Nc8 15. Bxc6 Qxc6 16. Qg4 h5 17. Qxg7 Kd7 18. Qxf7 Rhg8 19. d5 exd5 20.
Nxd5 Rdf8 21. Nf6+ Kd8 22. Rad1+ Nd6 23. Qd5 1-0